| 000 | 00766nam a2200193 i 4500 | ||
|---|---|---|---|
| 001 | 166545 | ||
| 003 | ES-MaACL | ||
| 005 | 20231204175143.0 | ||
| 008 | 050915s1895 sp a |||| | spa d | ||
| 040 |
_aCAM _bspa _cCAM |
||
| 080 | _a681.3.057 | ||
| 100 | 1 |
_aTorres Quevedo, Leonardo, _d1852-1936 _9111002 |
|
| 245 | 1 | 0 |
_aMemoria sobre las máquinas algébricas / _cpor Leonardo Torres ; con un informe de la Real Academia de Ciencias Exactas, Físicas y Naturales. |
| 260 |
_aBilbao : _b[s.n.], _c1895 ( _fImp. de la Casa de Misericordia) |
||
| 300 |
_a105 p. : _bil. ; _c22 cm. |
||
| 650 | 4 |
_aCalculadoras. _9135706 |
|
| 852 |
_aES-MaACL _jT-992-F-1 _z- Enc. hol., conservando la cub. original _z- Enc. en un vol. facticio |
||
| 999 |
_c166545 _d166545 |
||